000 00575nam a2200145Ia 4500
008 220216s9999 xx 000 0 und d
100 _aHu Y S
_cet al
245 0 _aEvaluation of cold tolerance for Amazon wild Hevea germplasms
260 _bClimate Change, Low Carbon Economy and Sustainable Natural Rubber Industry: Preprints of Proceedings of IRRDB International Rubber Conference 2010, 18-19 October 2010 Sanya, Hainan, China, pp. 444-445.
650 _aAmazon wild germplasm
650 _aCold tolerance
650 _aEvaluation
856 _uAbst only
942 _cJS
999 _c58909
_d58909